Techničeskije sredstva ASU : Spravodčik : Obs. Tom 1., 543 s.. Tom 2., 718 s
Enregistré dans:
| Format: | Livre |
|---|---|
| Langue: | russe |
| Publié: |
Leningrad :
Mašinostrojenije,
1986
|
| Édition: | 1.vyd. |
| Tags: |
Pas de tags, Soyez le premier à ajouter un tag!
|
MARC
| LEADER | 00000nam a22000003a 4500 | ||
|---|---|---|---|
| 001 | stu7615 | ||
| 005 | 20141122100552.6 | ||
| 008 | 950331s1986----xxr-----------------rus-d | ||
| 040 | |a STU |b slo | ||
| 041 | 0 | |a rus | |
| 044 | |a xxr | ||
| 080 | |a 681.32.681.35 | ||
| 245 | |a Techničeskije sredstva ASU : |b Spravodčik : Obs. Tom 1., 543 s.. Tom 2., 718 s | ||
| 250 | |a 1.vyd. | ||
| 260 | |a Leningrad : |b Mašinostrojenije, |c 1986 | ||
| 996 | |b E61974 |c E*61974 |l EE03 |s P |a 0 |w stu7615_0001 | ||
| 996 | |b E61975 |c E*61975 |l EE03 |s P |a 0 |w stu7615_0002 | ||